Statystyki dla Federacje krajowe należące do CAF

Kliknij tutaj aby rozwiązać quiz!

Ogólne statystyki

  • Ten quiz został rozwiązany 21 razy
  • Średni wynik to 42 z 56

Statystyki odpowiedzi

Federacja/Państwo% Poprawnych
Algieria
94%
Demokratyczna Republika Konga
94%
Egipt
94%
Ghana
94%
Kongo
94%
Południowa Afryka
94%
Senegal
94%
Angola
88%
Czad
88%
Kenia
88%
Madagaskar
88%
Maroko
88%
Botswana
81%
Dżibuti
81%
Etiopia
81%
Gwinea
81%
Kamerun
81%
Niger
81%
Nigeria
81%
Sudan
81%
Sudan Południowy
81%
Tunezja
81%
Burkina Faso
75%
Gabon
75%
Gwinea Bissau
75%
Lesotho
75%
Liberia
75%
Libia
75%
Mali
75%
Mozambik
75%
Republika Środkowoafrykańska
75%
Somalia
75%
Togo
75%
Zambia
75%
Zimbabwe
75%
Erytrea
69%
Eswatini
69%
Gwinea Równikowa
69%
Sierra Leone
69%
Tanzania
69%
Uganda
69%
Wybrzeże Kości Słoniowej
69%
Benin
63%
Burundi
63%
Gambia
63%
Komory
63%
Mauretania
63%
Mauritius
63%
Namibia
63%
Republika Zielonego Przylądka
63%
Seszele
63%
Wyspy Świętego Tomasza i Książęca
63%
Rwanda
56%
Malawi
44%
Reunion
38%
Zanzibar
31%

Rozkład punktacji

Percentyl według liczby udzielonych odpowiedzi

Procent ludzi z każdym wynikiem

Twoja historia wyników

Nie rozwiązałeś tego quizu